|
|
|
|
| LEADER |
01066nab a2200265 i 4500 |
| 001 |
publ24038 |
| 005 |
20220411132736.0 |
| 008 |
220411s2019 hu o 0|| Angol d |
| 022 |
|
|
|a 1786-271X
|
| 024 |
7 |
|
|a 31279210
|2 mtmt
|
| 040 |
|
|
|a SZTE Publicatio Repozitórium
|b hun
|
| 041 |
|
|
|a Angol
|
| 100 |
1 |
|
|a Cseh Péter
|
| 245 |
1 |
0 |
|a Preliminary data of the geoarchaeological analyses on the Vesszős-halom (mound) at Pusztaszer [Pusztaszer, Vesszős-halom geoarcheológiai vizsgálatának előzetes eredményei]
|h [elektronikus dokumentum] /
|c Cseh Péter
|
| 260 |
|
|
|c 2019
|
| 300 |
|
|
|a 189-204
|
| 490 |
0 |
|
|a ARCHEOMETRIAI MŰHELY
|v 16 No. 3
|
| 650 |
|
4 |
|a Föld- és kapcsolódó környezettudományok
|
| 700 |
0 |
1 |
|a Sümegi Pál
|e aut
|
| 700 |
0 |
1 |
|a Törőcsik Tünde
|e aut
|
| 700 |
0 |
1 |
|a Náfrádi Katalin
|e aut
|
| 700 |
0 |
1 |
|a Kustár Rozália
|e aut
|
| 700 |
0 |
1 |
|a Balázs Réka
|e aut
|
| 700 |
0 |
1 |
|a Szilágyi Gábor
|e aut
|
| 856 |
4 |
0 |
|u http://publicatio.bibl.u-szeged.hu/24038/1/PRELIMINARYDATAOFTHEGEOARCHAEOLOGICALANALYSESONTHEVESSZOSHALOMATPUSZTASZER.pdf
|z Dokumentum-elérés
|